000 01056nam a22003257a 4500
001 BR7703909
003 BR-BrBNA
005 20230928085346.0
007 ta
008 230509b bl.||||| |||| 00| 0 por d
040 _aBR-BrBNA
_bpor
_cBiblioteca Nacional de Agricultura
041 _a(Spa)
072 _aM00; M10
_b8105
_b/G514
090 _ 8105 BR7703909
100 1 _aSilva, J.W.B.
100 1 _aChacon, J. de O.
111 1 _a1. Simposio de la Asociacion Latinoamericana de Acuicultura
_cMaracay (Venezuela)
_d5 Nov 1977
245 1 _aEl Centro de Investigaciones ictiologicas (Pentecoste Ceara, Brasil)sus instalaciones y sus cuatro primeros anos de funcionamiento (1973-1977)[Piscicultura; Nordeste; Brasil]
260 3 _a[np](Brasil):
_c1977.
300 _a44 p.
500 _a11 tables; 16 ref.; Summary (Spa)
650 _aPesca
650 _aProducao pesqueira
650 _aPeixe de agua doce
650 _aPiscicultura
650 _aViveiro
650 _aNordeste
909 _a202309
_bLucia
_c55
_dLucia Elande
942 _cBK
999 _c24012
_d24012